000 00718cam a2200253 4500
001 B2507
008 090401t1989 xxu||||| |||| 00| 0 eng d
035 _a(Sirsi) u50414
041 _aeng
050 _a336.21026
100 _aCavalla, Nick
245 _aRating and agriculture:the case book
260 _aLondon
_bBoard of Inland Revenue
_c1989
300 _a21p. ; 21cm.
350 _a0
520 _aProduced to accompany the videos Rating and Agricultural Land and Rating and Agricultural Buildings.
650 _aFARM BUILDINGS
650 _aFARM LAND
650 _aLAW CASES
650 _aRATES
710 _aBoard of Inland Revenue
_bValuation Office
_91068
942 _n0
948 _c04/03/1997
999 _c92708
_d92708